00772nam a22001097a 4500040000900000082002700009100002100036245046700057260002700524300002400551856008700575 cRUA  aAVM CHA 2013 B105 Or.1 aCHAO, SOPHOIRN.  aCompare of wheat bran and rice brans in concentrate feed on fattening pigs at top chantha's farm in posenchey disrtict, phnom penh, ប្រៀបធៀបការប្រើប្រាស់កន្ទក់លេខ១លើការលូតលាស់ឃជ្រូកសាច់កូនកាត់នៅកសិដ្ឋាន តុប ចន្ថា ខ័ណ្ឌ ពោធិ៍សែនជ័យ រាជធានីភ្នំពេញ. aphnom penhbRUAc201`3 ax,41p.bill.c29cm. uhttps://drive.google.com/file/d/18cRW7S32bsh-FtZza1njc3xueZwRiOA6/view?usp=sharing